Errate die Skins der MCBE-Spieler - Statistiken

Allgemein
  • Dieses Quiz wurde 10 mal gespielt
  • Das Durchschnittsergebnis liegt bei 38 aus 50
Antwortstatistiken
Bildquiz Antwort % Korrekt
F0ngi
100%
GodVikthor
100%
MaximalFlame
100%
Rolly
100%
Schwimmschule / Dom S
100%
Connor Bryan
90%
creperozelot
90%
Dilonaey
90%
EvoliGHG
90%
F3ysonSHG
90%
Greenplayer Tv
90%
Mallow
90%
Stegx
90%
Straussiiii
90%
Toadenation
90%
Trinox
90%
vshvinq
90%
zCrxyy
90%
Depex
80%
DerDickeMichiii
80%
FederCrafter
80%
KleinerSasuke
80%
Nyraee
80%
qWabel
80%
RealSertrix
80%
SamCrafter
80%
CuzImQuit
70%
Djalami
70%
EINBABAAA
70%
GedankeAmeise
70%
iFelixi
70%
Levi GPP
70%
Limalaja
70%
M100GAMING
70%
NeunMatt
70%
SantaPaul
70%
Tetra
70%
Antoni2207
60%
BennyBanny
60%
EasyGamer300
60%
Ilyco
60%
LvckyFabel
60%
Maxi Live
60%
MrMiesling
60%
qRobbe
60%
Xenias
60%
DarkJerry
50%
DerEchteBuilder
50%
BuddelBubi
40%
AryFire22
30%
Keine übereinstimmenden Quizze gefunden
Verteilung der Resultate
Anzahl Personen mit jedem Resultat
Perzentil nach korrekt beantworteten Fragen
Ihre Resultats-Entwicklung
Sie haben dieses Quiz noch nicht gespielt